000 00763cam a2200241 a 4500
001 000018243
005 20200929165422.0
008 790709s1974 xxc b 000 0afre d
020 _a0885120779
035 _a(DLC) 79356837
040 _aDO-SdBNP
_bfre
_cDLC
_dDLC
_dBNPHU
082 _a759.11
_bB729t
100 1 _aBorduas, Paul-Émile,
_d1905-1960.
_939507
245 1 0 _aTextes :
_brefus global, projections liberantes /
_cPaul-Émile Borduas.
260 _aMontreal :
_bParti pris,
_c1974.
300 _a70 p. ;
_c20 cm.
490 1 _aParoles
_v34
650 4 _aPintores canadiense
_xBiografía
_939508
650 4 _aArte canadiense
_zQuebec (Provincia{Rpara}
_939509
830 0 _aParoles ;
_v34.
_939510
910 _aCatalogación derivada
049 _aBNGR
999 _c17764
_d17764